Les 19 villes les plus peuplées du Belize - Statistiques

Statistiques générales
  • Ce quiz a été pris 7 fois
  • Le résultat moyen est 4 sur 19
Statistiques - réponses
Population Villes % Correct
17.222 Belmopan
100%
69.475 Belize City
83%
6.407 Benque Viejo
17%
9.899 Dangriga
17%
3.218 Guinea Grass
17%
5.458 Ladyville
17%
2.650 Little Belize
17%
5.351 Punta Gorda
17%
18.399 San Ignacio
17%
2.862 San Jose
17%
14.549 San Pedro
17%
3.345 Shipyard
17%
4.264 Trial Farm
17%
11.140 Corozal Town
0%
4.014 Mango Creek
0%
13.696 Orange Walk Town
0%
2.690 San Antonio
0%
2.262 Spanish Lookout
0%
2.291 Valley of Peace
0%
Aucun quiz correspondant
Distribution des résultats
% des personnes avec chaque résultat
Percentile par nombre de réponses
Votre historique - résultats
Vous n’avez pas pris ce quiz